Größte Städte nach Land #5 - Statistiken

Allgemein
  • Dieses Quiz wurde 56 mal gespielt
  • Das Durchschnittsergebnis liegt bei 14 aus 30
Antwortstatistiken
Antwort % Korrekt
Wien
100%
Oslo
98%
Bukarest
96%
Graz
96%
Salzburg
96%
Teheran
92%
Innsbruck
86%
Linz
86%
Kuala Lumpur
84%
Bergen
82%
Trondheim
58%
Karatschi
56%
Lahore
54%
Isfahan
34%
Stavanger
34%
Timișoara
30%
Cluj-Napoca
28%
Iași
24%
Kristiansand
20%
Maschhad
20%
Rawalpindi
18%
Schiras
18%
Konstanza
16%
Faisalabad
14%
George Town
12%
Gujranwala
12%
Ipoh
10%
Johor Bahru
10%
Karadsch
10%
Kota Kinabalu
2%
Keine übereinstimmenden Quizze gefunden
Verteilung der Resultate
Anzahl Personen mit jedem Resultat
Perzentil nach korrekt beantworteten Fragen
Ihre Resultats-Entwicklung
Sie haben dieses Quiz noch nicht gespielt